000 03298nam a2200265 4500
005 20160912152617.0
008 160905s2016 a a|||fr|||| 00| 0 spa d
022 0 0 _a2314-0623
040 _aCO-BoUCM
_bspa
_cSandra Yazo
_dSandra Yazo
041 0 _aspa
082 0 4 _2021
_a20
092 _aE63N053
110 1 _aUniversidad del Salvador (USAL)
_bRed de bibliotecas de USAL
_979614
245 1 _aHuellas en papel
_cPublicación de la Biblioteca y Archivo Históricos de la Universidad del Salvador
260 _aBuenos Aires (Argentina)
_bUSAL. RedBus
_c2012-2016
300 _a2 volúmenes (47 ; 86 ;119 ; 128 ; 131 páginas)
_bilustraciones
_c24 x 17 cm
500 _aDetalles físicos: Encuadernación flexible, en buen estado de conservación, incluye ilustraciones entre el texto. Colección incompleta
505 0 _aAño 1 N.1 (2012): Nota editorial ; Catálogo periódico impreso ; Glosario de términos técnicos -- Año 2 N.3 (2013): Nota editorial ; Abreviatura e indicaciones empleadas en esta publicación ; Catálogo periódico impreso ; Referencias ; La entrevista: Huellas orales en papel -- Año 2 N. 2 (2014): Nota editorial ; Abreviaturas e índices empleadas en esta publicación ; Advertencia para el uso del catálogo ; Catálogo periódico impreso ; Referencias ; La entrevista: Huellas orales en papel. Todo lo que el Padre Quiles construyó / Dr. P. Varela ; Abriendo nuevos caminos / Dr. J. Martin ; La sabiduría que transforma / Dr. B. Nante ; El padre Quiles, la sencillez del sabio / Lic. C. Rua ; Glosario de términos técnicos ; Nota de vida ; Oración de la Santidad -- Año 3 N. 5 (2014): Nota editorial ; Abreviaturas e indicaciones empleadas en esta publicación ; Advertencia para el uso del catálogo ; Catálogo periódico impreso ; Reseñas históricas: Mas allá del derecho ; Un crimen y dos libros ; A ustedes ; Aporte del Dr. Alejo Fernández Suñer ; La entrevista: Huellas orales en el papel. Que la justicia no fuera nunca escarnecida / M. del Carmen y M. del Rosario Paz ; Abuelo Paz, la nobleza de una profesión / Dr. Jesús H. Ferre Paz ; El “Fiero” Paz, un esgrimista dialéctico notable / Dr. Gonzalo Rúa ; Notas de vida , Árbol genealógico de la Familia Paz ; Prácticas de preservación -- Año IV No. 8: Nota editorial ; Abreviaturas e indicaciones empleadas en esta publicación ; Advertencia para los lectores ; Catálogo periódico impreso ; Comentario crítico / por la Mg. Yamila Bêgné ; Como abrir una caja. Sobre Octavio Paz / Marcel Duchamp ; Y también sombras chinescas: sobre Abbildungen su Dr. Seerig Armamentarium Chirugium, Tarjeta postal 1 y sobre el misterio del perfume, el lenguaje de las flores, monstruos y animales mitológicos, tríptico y mínimas voces: Sobre dos diccionarios, incluso, tarjeta postal 2 ; Leer la historia: El principio fue entre el barro y el canto ; La entrevista: Huellas orales en papel ; Notas de vida ; Prácticas de … Restauración ; Colecciones especiales y documentos de archivos
506 _aConsulta en sala
650 7 _997
_aArchivos
_vPublicaciones periódicas
650 7 _aBibliotecas universitarias
_xPublicaciones periódicas
_979615
650 7 _97536
_aDocumentos históricos
690 _aBibliotecología
_910049
942 _2LOCAL
_cLIBRO
_e1
_hE63N053
999 _c304542
_d304542